|
|
|
|
| LEADER |
00000nab a2200000 a 4500 |
| 001 |
vtls000589429 |
| 003 |
SK-MaSNL |
| 005 |
20260304022159.0 |
| 008 |
220422c1993 xo 0 cze |
| 015 |
|
|
|a SNBRB19rr/mm-uuuuu
|
| 035 |
|
|
|a CL0589568
|
| 040 |
|
|
|a SNKBUCL
|b slo
|c SNKBUCL
|e AACR2
|
| 041 |
0 |
|
|a cze
|
| 044 |
|
|
|a xo
|c SK
|
| 080 |
|
|
|a 615.22
|2 1981
|
| 100 |
1 |
|
|a Borovanský, Alois,
|d 1922-2019
|4 aut
|9 224490
|
| 245 |
1 |
0 |
|a Doutremepuich Ch. (ed.): Low Molecular Weight Heparins in Clinical Practice
|c A. Borovanský
|
| 650 |
0 |
7 |
|a antitrombotiká
|2 snkbucl
|9 14975
|
| 650 |
0 |
7 |
|a heparín
|2 snkbucl
|9 14355
|
| 655 |
|
7 |
|a články z novín a časopisov
|2 snkbucl
|9 267496
|
| 700 |
1 |
|
|a Doutremepuich, Ch.
|4 upr
|9 1300753
|
| 773 |
0 |
|
|t Česko-slovenská farmacie
|g Roč. 42, č. 5 (1993), s. 227
|x 0009-0530
|
| 787 |
0 |
8 |
|i Rec.:
|a Doutremepuich, Ch.
|t Low Molecular Weight Heparins in Clinical Practice
|d New York-Basel-Hong Kong : Marcel Dekker, 1992
|
| 850 |
|
|
|a Slovenská národná knižnica v Martine
|a MTA001
|
| 852 |
|
|
|a SNK
|b KIS3GCP
|
| 958 |
|
|
|a RK
|
| 958 |
|
|
|a ME
|
| 992 |
|
|
|a RBX
|
| 999 |
|
|
|c 2609986
|d 2611916
|